غالب نامہ: (Record no. 107931)

MARC details
000 -LEADER
fixed length control field 00862nam a22002417a 4500
005 - DATE AND TIME OF LATEST TRANSACTION
control field 20200213101404.0
010 ## - LCCN (DPL NO)
LC control number A-318597
020 ## - INTERNATIONAL STANDARD BOOK NUMBER
Terms of availability 30.00
035 ## - SYSTEM CONTROL NUMBER
System control number A-318597
037 ## - SOURCE OF ACQUISITION
Source of stock number/acquisition Cen Lib/Ret
082 ## - DEWEY DECIMAL CLASSIFICATION NUMBER
Classification number 841.08
100 ## - MAIN ENTRY--PERSONAL NAME
Personal name نظیر احمد
245 ## - TITLE STATEMENT
Title غالب نامہ:
Remainder of title اردو میں علمی ادبی اور تحقیقی رفتار کا آینہ /
Statement of responsibility, etc نظیر احمد
246 ## - VARYING FORM OF TITLE
Title proper/short title Ghalib Nama: Urdu Mein Ilmi Adabi Aur Tehqiqi Raftar Ka Aaina /
Remainder of title by Nazeer Ahmad
260 ## - PUBLICATION, DISTRIBUTION, ETC. (IMPRINT)
Name of publisher, distributor, etc غالب انسٹیٹیوٹ
Date of publication, distribution, etc 1987 ء
Place of publication, distribution, etc نیی دہلی
270 ## - ADDRESS
Address ایوان غالب مارگ
City نیی دہلی
Postal code 110002
300 ## - PHYSICAL DESCRIPTION
Extent 231p.:
Dimensions 21cm(Hb)
Other physical details ill.
650 ## - SUBJECT ADDED ENTRY--TOPICAL TERM
Topical term or geographic name as entry element ادب --اردو
650 ## - SUBJECT ADDED ENTRY--TOPICAL TERM
Topical term or geographic name as entry element اردو نظم
650 ## - SUBJECT ADDED ENTRY--TOPICAL TERM
Topical term or geographic name as entry element Literature -- Urdu
650 ## - SUBJECT ADDED ENTRY--TOPICAL TERM
Topical term or geographic name as entry element Urdu poetry
942 ## - ADDED ENTRY ELEMENTS (KOHA)
Source of classification or shelving scheme Dewey Decimal Classification
Item type Urdu Bks
Classification part 841.08
Call number suffix ن ذ ی
Holdings
Withdrawn status Lost status Not for loan Home library Current library Date acquired Source of acquisition Cost, normal purchase price Full call number Barcode Copy number Cost, replacement price Koha item type
      Central Library Central Library 13/01/2016 Cen Lib/Ret 30.00 841.08 ن ذ ی A-318597 1 30.00 Urdu Bks

© Delhi Public Library
Hit Counter
free hit counter